Year to Solar Eclipses - Statistics

General Stats
  • This quiz has been taken 5 times
  • The average score is 3 of 50
Answer Stats
Hint Answer % Correct
April 8, 2024 Total
100%
September 22, 2020 Non-eclipse
67%
October 3, 2005 Annular
33%
April 12, 2005 Non-eclipse
33%
March 19, 2007 Partial
33%
May 10, 2013 Annular
0%
October 14, 2023 Annular
0%
May 20, 2012 Annular
0%
June 10, 2021 Annular
0%
September 1, 2016 Annular
0%
December 26, 2019 Annular
0%
January 15, 2010 Annular
0%
January 26, 2009 Annular
0%
June 21, 2020 Annular
0%
May 31, 2003 Annular
0%
April 29, 2014 Annular
0%
April 29, 1976 Annular
0%
March 30, 2001 Non-eclipse
0%
May 2, 2018 Non-eclipse
0%
July 15, 2008 Non-eclipse
0%
October 8, 2017 Non-eclipse
0%
June 18, 2011 Non-eclipse
0%
January 6, 2023 Non-eclipse
0%
December 10, 2015 Non-eclipse
0%
November 1, 2019 Non-eclipse
0%
July 31, 2000 Partial
0%
October 25, 2022 Partial
0%
June 8, 2004 Partial
0%
February 15, 2018 Partial
0%
October 23, 2014 Partial
0%
June 1, 2011 Partial
0%
January 4, 2011 Partial
0%
December 14, 2020 Total
0%
October 24, 1995 Total
0%
November 23, 2003 Total
0%
November 3, 2013 Total
0%
July 11, 2010 Total
0%
August 11, 1999 Total
0%
February 26, 1979 Total
0%
August 21, 2017 Total
0%
March 20, 2015 Total
0%
March 29, 2006 Total
0%
June 21, 2001 Total
0%
February 16, 1980 Total
0%
March 9, 2016 Total
0%
November 13, 2012 Total
0%
August 31, 2003 Total
0%
July 22, 2009 Total
0%
August 1, 2008 Total
0%
December 4, 2002 Total
0%
No matching quizzes found
Score Distribution
Percent of People with Each Score
Percentile by Number Answered
Your Score History
You have not taken this quiz